[Event "Svetla nad Sazavou Mares Memorial"]
[Site "Svetla nad Sazavou"]
[Date "2023.12.29"]
[Round "2"]
[White "Kucera, Miloslav"]
[Black "Siebenburger, Vlastimil"]
[Result "0-1"]
[WhiteElo "1743"]
[BlackElo "2054"]
[PlyCount "96"]
[EventDate "2023.12.29"]
[EventType "swiss"]
[EventRounds "9"]
[EventCountry "CZE"]
[SourceTitle "CB02_2024"]
[SourceDate "2024.01.10"]
[SourceVersion "1"]
[SourceVersionDate "2024.01.10"]
[SourceQuality "1"]

1. e4 c5 2. Nf3 Nc6 3. Bb5 g6 4. 0-0 Bg7 5. Bxc6 bxc6 6. Nc3 d5 7. exd5 cxd5 8. h3 Nf6 9. Re1 0-0 10. Qe2 e6 11. d4 cxd4 12. Nxd4 Qb6 13. Nb3 Bb7 14. Be3 Qc7 15. Bd4 Rfe8 16. Nb5 Qd8 17. Be5 Ne4 18. Bxg7 Kxg7 19. N5d4 Rc8 20. c3 Qf6 21. Nf3 e5 22. Nbd2 Nxd2 23. Qxd2 d4 24. cxd4 Bxf3 25. dxe5 Rxe5 26. gxf3 Rg5+ 27. Kf1 Qf5 28. Qd4+ Kg8 29. Qe4 Qxh3+ 30. Ke2 Rgc5 31. Rad1 Rc2+ 32. Rd2 Rxd2+ 33. Kxd2 Qh6+ 34. Qe3 Qg7 35. Qe5 Rd8+ 36. Kc2 Qf8 37. Qe7 Rc8+ 38. Kd3 Qg7 39. Qe5 Qh6 40. Qe3 Qh5 41. Rc1 Qd5+ 42. Ke2 Qb5+ 43. Ke1 Re8 44. Qxe8+ Qxe8+ 45. Kf1 Qb5+ 46. Kg2 Qxb2 47. Rc7 Qxa2 48. Kg3 a5 0-1

[Event "Svetla nad Sazavou Mares Memorial"]
[Site "Svetla nad Sazavou"]
[Date "2023.12.29"]
[Round "3"]
[White "Pulpan, Jakub"]
[Black "Siebenburger, Vlastimil"]
[Result "1-0"]
[WhiteElo "2503"]
[BlackElo "2054"]
[PlyCount "59"]
[EventDate "2023.12.29"]
[EventType "swiss"]
[EventRounds "9"]
[EventCountry "CZE"]
[SourceTitle "CB02_2024"]
[SourceDate "2024.01.10"]
[SourceVersion "1"]
[SourceVersionDate "2024.01.10"]
[SourceQuality "1"]

1. e4 c5 2. Nf3 Nc6 3. Nc3 e5 4. Bc4 Be7 5. d3 d6 6. Nd2 Nf6 7. Nf1 0-0 8. Ne3 g6 9. a4 a6 10. 0-0 Rb8 11. f4 exf4 12. Ned5 f3 13. Qxf3 Nxd5 14. Bxd5 Ne5 15. Qf2 Be6 16. h3 b5 17. axb5 axb5 18. Bh6 Re8 19. Bf4 Rf8 20. Bh6 Re8 21. Bxe6 fxe6 22. Ra7 Bf8 23. Qe3 Bxh6 24. Qxh6 Re7 25. Rfa1 b4 26. Ne2 b3 27. cxb3 Nxd3 28. Nf4 Nxf4 29. Qxf4 Rxb3 30. Qf6 1-0

[Event "Svetla nad Sazavou Mares Memorial"]
[Site "Svetla nad Sazavou"]
[Date "2023.12.29"]
[Round "8"]
[White "Siebenburger, Vlastimil"]
[Black "Kolar, Edvard"]
[Result "1-0"]
[WhiteElo "2054"]
[BlackElo "1449"]
[PlyCount "69"]
[EventDate "2023.12.29"]
[EventType "swiss"]
[EventRounds "9"]
[EventCountry "CZE"]
[SourceTitle "CB02_2024"]
[SourceDate "2024.01.10"]
[SourceVersion "1"]
[SourceVersionDate "2024.01.10"]
[SourceQuality "1"]

1. e4 c5 2. Nf3 Nc6 3. d4 cxd4 4. Nxd4 g6 5. Nc3 Bg7 6. Be3 Nf6 7. f3 0-0 8. Qd2 d6 9. Bc4 Bd7 10. 0-0-0 Qc7 11. Bb3 a6 12. h4 b5 13. Kb1 b4 14. Nxc6 Bxc6 15. Nd5 Nxd5 16. exd5 Bb5 17. Qxb4 Rfb8 18. Qd2 a5 19. a4 Bxa4 20. Bd4 Bxb3 21. Bxg7 Ba4 22. Bc3 Qb7 23. Qd4 Bxc2+ 24. Kxc2 Qb3+ 25. Kc1 f6 26. h5 a4 27. hxg6 hxg6 28. Qh4 Kf7 29. Qh7+ Ke8 30. Qg8+ Kd7 31. Qe6+ Kc7 32. Qxe7+ Kb6 33. Qxd6+ Ka7 34. Bd4+ Kb7 35. Qc6# 1-0

[Event "Svetla nad Sazavou Mares Memorial"]
[Site "Svetla nad Sazavou"]
[Date "2023.12.29"]
[Round "9"]
[White "Siebenburger, Vlastimil"]
[Black "Ptacek, Jan"]
[Result "1-0"]
[WhiteElo "2054"]
[BlackElo "1826"]
[PlyCount "29"]
[EventDate "2023.12.29"]
[EventType "swiss"]
[EventRounds "9"]
[EventCountry "CZE"]
[SourceTitle "CB02_2024"]
[SourceDate "2024.01.10"]
[SourceVersion "1"]
[SourceVersionDate "2024.01.10"]
[SourceQuality "1"]

1. e4 c5 2. Nf3 d6 3. d4 cxd4 4. Nxd4 Nf6 5. Nc3 a6 6. Bg5 e6 7. f4 Be7 8. Qf3 Qc7 9. 0-0-0 b5 10. Bd3 Bb7 11. Rhe1 0-0 12. Qh3 Re8 13. e5 dxe5 14. fxe5 Nfd7 15. Qxh7+ 1-0

[Event "EUR-ch Seniors 50"]
[Site "Prague"]
[Date "2021.09.05"]
[Round "7.3"]
[White "Siebenburger, Vlastimil"]
[Black "Svobodova, Michaela"]
[Result "1/2-1/2"]
[WhiteElo "1975"]
[BlackElo "1919"]
[PlyCount "29"]
[EventDate "2021.08.30"]
[EventType "team-tourn"]
[EventRounds "9"]
[EventCountry "CZE"]
[SourceTitle "CBM 204 Extra"]
[Source "ChessBase"]
[SourceDate "2021.11.30"]
[SourceVersion "1"]
[SourceVersionDate "2021.11.30"]
[SourceQuality "1"]
[WhiteTeam "Vysocina KSS 50"]
[BlackTeam "Czech Republic (Women) 50"]
[WhiteTeamCountry "CZE"]
[BlackTeamCountry "CZE"]

1. d4 d5 2. e3 Nf6 3. Bd3 c5 4. c3 Qb6 5. f4 Bg4 6. Nf3 e6 7. Nbd2 Nc6 8. b3 Be7 9. Bb2 Rc8 10. Qe2 0-0 11. h3 Bf5 12. g4 Bxd3 13. Qxd3 cxd4 14. exd4 Qc7 15. Ne5 1/2-1/2

[Event "CZE-chT2D 1920"]
[Site "Czech Republic"]
[Date "2020.02.09"]
[Round "8.6"]
[White "Mikyska, Kamil"]
[Black "Siebenburger, Vlastimil"]
[Result "0-1"]
[WhiteElo "1940"]
[BlackElo "1945"]
[PlyCount "74"]
[EventDate "2019.10.13"]
[EventType "team-tourn"]
[EventRounds "11"]
[EventCountry "CZE"]
[SourceTitle "EXT 2024"]
[Source "ChessBase"]
[SourceDate "2023.10.10"]
[SourceVersion "1"]
[SourceVersionDate "2023.10.10"]
[SourceQuality "1"]
[WhiteTeam "Lanskroun"]
[BlackTeam "Zdar nad Sazavou"]
[WhiteTeamCountry "CZE"]
[BlackTeamCountry "CZE"]

1. e4 c5 2. Nf3 Nc6 3. d4 cxd4 4. Nxd4 Nf6 5. Nc3 e5 6. Ndb5 d6 7. f3 a6 8. Na3 Be7 9. Be3 b5 10. Nd5 Nxd5 11. Qxd5 Bb7 12. c4 b4 13. Nc2 Nd4 14. Qxb7 Nxc2+ 15. Kf2 Nxa1 16. Qc6+ Kf8 17. Bd3 Rc8 18. Qd5 g6 19. Rxa1 Kg7 20. g3 Qd7 21. h4 Qc6 22. Qa5 Rb8 23. Rc1 Rhc8 24. f4 Bd8 25. Qd5 Qxd5 26. exd5 exf4 27. Bxf4 Bb6+ 28. Kf3 Bc5 29. Bc2 Re8 30. Ba4 Re7 31. Bxd6 Bxd6 32. c5 Rc7 33. Bc6 Be5 34. Rc4 a5 35. b3 Rbc8 36. Re4 f6 37. g4 Rxc6 0-1

[Event "CZE-chT2D 1920"]
[Site "Czech Republic"]
[Date "2019.12.15"]
[Round "5.6"]
[White "Siebenburger, Vlastimil"]
[Black "Krys, Jaromir"]
[Result "1/2-1/2"]
[WhiteElo "1945"]
[BlackElo "1991"]
[PlyCount "22"]
[EventDate "2019.10.13"]
[EventType "team-tourn"]
[EventRounds "11"]
[EventCountry "CZE"]
[SourceTitle "EXT 2024"]
[Source "ChessBase"]
[SourceDate "2023.10.10"]
[SourceVersion "1"]
[SourceVersionDate "2023.10.10"]
[SourceQuality "1"]
[WhiteTeam "Zdar nad Sazavou"]
[BlackTeam "Chrudim"]
[WhiteTeamCountry "CZE"]
[BlackTeamCountry "CZE"]

1. d4 Nf6 2. c4 e6 3. Nc3 d5 4. cxd5 exd5 5. Bg5 Be7 6. e3 0-0 7. Bd3 Bg4 8. Qc2 Nbd7 9. Nge2 c6 10. f3 Bh5 11. 0-0 Bg6 1/2-1/2

[Event "CZE-chT2D 1920"]
[Site "Czech Republic"]
[Date "2019.11.03"]
[Round "2.6"]
[White "Ptacek, Lubos"]
[Black "Siebenburger, Vlastimil"]
[Result "1-0"]
[WhiteElo "2093"]
[BlackElo "1945"]
[PlyCount "31"]
[EventDate "2019.10.13"]
[EventType "team-tourn"]
[EventRounds "11"]
[EventCountry "CZE"]
[SourceTitle "EXT 2024"]
[Source "ChessBase"]
[SourceDate "2023.10.10"]
[SourceVersion "1"]
[SourceVersionDate "2023.10.10"]
[SourceQuality "1"]
[WhiteTeam "Vysoke Myto"]
[BlackTeam "Zdar nad Sazavou"]
[WhiteTeamCountry "CZE"]
[BlackTeamCountry "CZE"]

1. e4 c5 2. Nf3 Nc6 3. d4 cxd4 4. Nxd4 Nf6 5. Nxc6 bxc6 6. Nc3 e5 7. Bd3 Be7 8. 0-0 0-0 9. Kh1 d5 10. Qe1 Bd6 11. Bg5 Be6 12. f4 d4 13. Ne2 exf4 14. Nxd4 Qb6 15. Nxe6 fxe6 16. e5 1-0

[Event "Pardubice Czech op-C 30th"]
[Site "Pardubice"]
[Date "2019.07.20"]
[Round "1"]
[White "Siebenburger, Vlastimil"]
[Black "Bork, Steffen"]
[Result "1/2-1/2"]
[WhiteElo "1998"]
[BlackElo "1578"]
[PlyCount "44"]
[EventDate "2019.07.20"]
[EventType "swiss"]
[EventRounds "9"]
[EventCountry "CZE"]
[SourceTitle "EXT 2020"]
[Source "ChessBase"]
[SourceDate "2019.10.17"]
[SourceVersion "1"]
[SourceVersionDate "2019.10.17"]
[SourceQuality "1"]

1. e4 e6 2. d4 d5 3. Nc3 Bb4 4. e5 Qd7 5. Qg4 f5 6. Qh5+ Qf7 7. Qd1 b6 8. a3 Bxc3+ 9. bxc3 Ba6 10. Bxa6 Nxa6 11. Qd3 Nb8 12. a4 Nc6 13. Nf3 Na5 14. Ng5 Qd7 15. h4 Nc4 16. Nh3 Ne7 17. Bg5 a5 18. h5 0-0-0 19. Nf4 Rde8 20. Ke2 Kb7 21. Rhb1 Rhg8 22. Qh3 Nc6 1/2-1/2

[Event "Pardubice Czech op-C 29th"]
[Site "Pardubice"]
[Date "2018.07.27"]
[Round "8"]
[White "Jares, Michal"]
[Black "Siebenburger, Vlastimil"]
[Result "1/2-1/2"]
[WhiteElo "1869"]
[BlackElo "2014"]
[PlyCount "62"]
[EventDate "2018.07.21"]
[EventType "swiss"]
[EventRounds "9"]
[EventCountry "CZE"]
[SourceTitle "CBM 186 Extra"]
[Source "ChessBase"]
[SourceDate "2018.08.24"]
[SourceVersion "1"]
[SourceVersionDate "2018.08.24"]
[SourceQuality "1"]

1. d4 Nf6 2. Nf3 g6 3. g3 Bg7 4. Bg2 0-0 5. 0-0 d5 6. c4 c6 7. Nc3 h6 8. Bf4 dxc4 9. e4 Na6 10. Ne5 Nh5 11. Ne2 Nxf4 12. gxf4 b5 13. Nxc6 Qc7 14. e5 Bb7 15. d5 Bxc6 16. dxc6 Rad8 17. Qc2 Nb4 18. Qe4 f5 19. exf6 Rxf6 20. Nd4 Rxd4 21. Qxd4 Rxc6 22. Qe4 Rf6 23. Rad1 Nd3 24. Rxd3 cxd3 25. Qxd3 Qxf4 26. Qxb5 Rf8 27. Qd3 Kh7 28. b3 Be5 29. Qg3 Qd4 30. Qe3 Qd6 31. Re1 Rf5 1/2-1/2

[Event "CZE-chT2D 1718"]
[Site "Czech Republic"]
[Date "2018.02.25"]
[Round "9.4"]
[White "Siebenburger, Vlastimil"]
[Black "Valenta, Vit"]
[Result "0-1"]
[WhiteElo "2059"]
[BlackElo "2107"]
[PlyCount "86"]
[EventDate "2017.10.15"]
[EventType "team-tourn"]
[EventRounds "11"]
[EventCountry "CZE"]
[SourceTitle "EXT 2022"]
[Source "ChessBase"]
[SourceDate "2021.10.06"]
[SourceVersion "1"]
[SourceVersionDate "2021.10.06"]
[SourceQuality "1"]
[WhiteTeam "Zdar nad Sazavou"]
[BlackTeam "Velke Losiny"]
[WhiteTeamCountry "CZE"]
[BlackTeamCountry "CZE"]

1. d4 Nf6 2. c4 g6 3. Nc3 Bg7 4. e4 d6 5. Nf3 0-0 6. Be2 e5 7. dxe5 dxe5 8. Qxd8 Rxd8 9. Nd5 Nxd5 10. cxd5 c6 11. Bc4 b5 12. Bb3 Bb7 13. Bg5 Re8 14. 0-0-0 c5 15. d6 Nd7 16. Bd5 Bxd5 17. Rxd5 Rac8 18. Kb1 a6 19. Rc1 Rc6 20. Be7 Rec8 21. g4 f6 22. h4 Kf7 23. g5 f5 24. Bf6 Bxf6 25. gxf6 Kxf6 26. Rcd1 c4 27. exf5 gxf5 28. Re1 e4 29. Ng5 h6 30. Nh3 Rc5 31. Rd2 Rg8 32. Nf4 Ke5 33. Ne2 Rg4 34. Nd4 Kf6 35. f3 Rxh4 36. fxe4 Rxe4 37. Rh1 Rd5 38. Rxh6+ Kg7 39. Re6 Rexd4 40. Re7+ Kf6 41. Rxd4 Rxd4 42. Rxd7 Ke6 43. Re7+ Kxd6 0-1

[Event "CZE-chT2D 1718"]
[Site "Czech Republic"]
[Date "2017.12.17"]
[Round "5.4"]
[White "Siebenburger, Vlastimil"]
[Black "Kastner, Oldrich"]
[Result "1/2-1/2"]
[WhiteElo "2059"]
[BlackElo "2039"]
[PlyCount "36"]
[EventDate "2017.10.15"]
[EventType "team-tourn"]
[EventRounds "11"]
[EventCountry "CZE"]
[SourceTitle "EXT 2022"]
[Source "ChessBase"]
[SourceDate "2021.10.06"]
[SourceVersion "1"]
[SourceVersionDate "2021.10.06"]
[SourceQuality "1"]
[WhiteTeam "Zdar nad Sazavou"]
[BlackTeam "Policka Stefanydes"]
[WhiteTeamCountry "CZE"]
[BlackTeamCountry "CZE"]

1. e4 e6 2. d4 d5 3. Nc3 Nf6 4. Bg5 Bb4 5. e5 h6 6. Bd2 Bxc3 7. bxc3 Ne4 8. Qg4 g6 9. Bd3 Nxd2 10. Kxd2 c5 11. Nf3 Bd7 12. h4 Qe7 13. Rab1 Bc6 14. Rh3 Nd7 15. h5 g5 16. Nh2 0-0-0 17. Qf3 Rdf8 18. Qe3 c4 1/2-1/2

[Event "Trebic Highlands op 11th"]
[Site "Trebic"]
[Date "2017.09.30"]
[Round "9"]
[White "Bick, Gabriel James"]
[Black "Siebenburger, Vlastimil"]
[Result "1-0"]
[WhiteElo "2264"]
[BlackElo "2059"]
[PlyCount "81"]
[EventDate "2017.09.23"]
[EventType "swiss"]
[EventRounds "9"]
[EventCountry "CZE"]
[SourceTitle "EXT 2018"]
[Source "ChessBase"]
[SourceDate "2017.10.13"]
[SourceVersion "1"]
[SourceVersionDate "2017.10.13"]
[SourceQuality "1"]

1. e4 c5 2. Nf3 Nc6 3. Bb5 g6 4. Bxc6 dxc6 5. d3 Bg7 6. h3 e5 7. a4 b6 8. Be3 Qd6 9. Na3 Ne7 10. Qd2 h6 11. Qc3 Qc7 12. a5 Rb8 13. 0-0 0-0 14. axb6 axb6 15. Nc4 f6 16. Rfb1 f5 17. Bd2 g5 18. Qb3 Kh7 19. Bc3 Ng6 20. exf5 Bxf5 21. Re1 Be6 22. Qa3 Bxc4 23. dxc4 Rxf3 24. gxf3 Qc8 25. Bd2 Qxh3 26. f4 Qf5 27. Qd3 Qxd3 28. cxd3 gxf4 29. Ra7 Nh4 30. Kf1 Nf3 31. Rd1 Kg6 32. Bc3 Bf6 33. Ke2 Ng5 34. Rc7 Kf5 35. Rh1 Rd8 36. f3 b5 37. cxb5 cxb5 38. Rxc5 Rb8 39. Rxh6 Ne6 40. Rd5 b4 41. Rxf6+ 1-0

[Event "Trebic Highlands op 11th"]
[Site "Trebic"]
[Date "2017.09.29"]
[Round "8"]
[White "Spanton, Timothy"]
[Black "Siebenburger, Vlastimil"]
[Result "0-1"]
[WhiteElo "1858"]
[BlackElo "2059"]
[PlyCount "46"]
[EventDate "2017.09.23"]
[EventType "swiss"]
[EventRounds "9"]
[EventCountry "CZE"]
[SourceTitle "EXT 2018"]
[Source "ChessBase"]
[SourceDate "2017.10.13"]
[SourceVersion "1"]
[SourceVersionDate "2017.10.13"]
[SourceQuality "1"]

1. c4 c6 2. e4 d5 3. exd5 cxd5 4. d4 Nf6 5. Nc3 e6 6. Nf3 Nc6 7. c5 Ne4 8. Bb5 Bd7 9. 0-0 Be7 10. Bd2 0-0 11. Bxc6 Bxc6 12. b4 a5 13. a3 Bf6 14. Qe2 Qd7 15. Ne5 Bxe5 16. dxe5 Nxc3 17. Bxc3 Bb5 18. Qg4 Bxf1 19. Rxf1 axb4 20. axb4 Qb5 21. f4 Qd3 22. Rf3 Qd1+ 23. Kf2 d4 0-1

[Event "Trebic Highlands op 11th"]
[Site "Trebic"]
[Date "2017.09.28"]
[Round "6"]
[White "Siebenburger, Vlastimil"]
[Black "Leutwyler, Matthias"]
[Result "1-0"]
[WhiteElo "2059"]
[BlackElo "2103"]
[PlyCount "109"]
[EventDate "2017.09.23"]
[EventType "swiss"]
[EventRounds "9"]
[EventCountry "CZE"]
[SourceTitle "EXT 2018"]
[Source "ChessBase"]
[SourceDate "2017.10.13"]
[SourceVersion "1"]
[SourceVersionDate "2017.10.13"]
[SourceQuality "1"]

1. e4 c5 2. Nf3 e6 3. c3 Nf6 4. e5 Nd5 5. d4 cxd4 6. cxd4 d6 7. Nc3 Nxc3 8. bxc3 Qc7 9. Bb2 Nd7 10. exd6 Bxd6 11. Bd3 b6 12. c4 Bb4+ 13. Kf1 0-0 14. h4 Bb7 15. Rh3 Bd6 16. d5 Rae8 17. Ng5 h6 18. Nh7 exd5 19. Nxf8 Nxf8 20. cxd5 Bxd5 21. Bh7+ Nxh7 22. Qxd5 Re6 23. Rc1 Qe7 24. Qd3 Bb4 25. Bc3 Bxc3 26. Qxc3 Re4 27. Qa3 Nf6 28. Qxe7 Rxe7 29. Rhc3 Nd5 30. Rc8+ Kh7 31. Rd8 Nc7 32. Rcd1 Re4 33. R8d7 Nb5 34. Rxf7 Rxh4 35. Rdd7 Rg4 36. f3 Rg5 37. g4 a5 38. Rf5 Nc3 39. Rxg5 hxg5 40. a3 b5 41. Ke1 b4 42. axb4 axb4 43. Kd2 Kh6 44. Rd4 Nb5 45. Rxb4 Nc7 46. Rb6+ g6 47. Kd3 Nd5 48. Rb3 Nf4+ 49. Ke4 Ne2 50. Ke5 Nf4 51. Rb8 Kg7 52. Rb7+ Kh6 53. Kf6 Nd5+ 54. Kf7 Nf6 55. Rb1 1-0

[Event "Trebic Highlands op 11th"]
[Site "Trebic"]
[Date "2017.09.27"]
[Round "5"]
[White "Piankov, Evgenij"]
[Black "Siebenburger, Vlastimil"]
[Result "1-0"]
[WhiteElo "2258"]
[BlackElo "2059"]
[PlyCount "107"]
[EventDate "2017.09.23"]
[EventType "swiss"]
[EventRounds "9"]
[EventCountry "CZE"]
[SourceTitle "EXT 2018"]
[Source "ChessBase"]
[SourceDate "2017.10.13"]
[SourceVersion "1"]
[SourceVersionDate "2017.10.13"]
[SourceQuality "1"]

1. d4 d5 2. e3 Nf6 3. Bd3 c5 4. c3 e6 5. f4 Bd6 6. Nf3 Ne4 7. 0-0 Qc7 8. b3 cxd4 9. cxd4 Nc6 10. Bb2 Nb4 11. Ne5 0-0 12. Na3 Nxd3 13. Qxd3 a6 14. Rfc1 Qe7 15. Nac4 Bc7 16. Nd2 Nxd2 17. Qxd2 f6 18. Nd3 Bd6 19. Bc3 Bd7 20. Bb4 Bc6 21. Rc2 Rfc8 22. Rac1 Bd7 23. Bc5 Kf7 24. a4 a5 25. Bb6 e5 26. Rxc8 Bxc8 27. dxe5 fxe5 28. Nxe5+ Bxe5 29. Qxd5+ Qe6 30. Qxe5 Qxe5 31. fxe5 Be6 32. Rc7+ Kg6 33. Rxb7 Bxb3 34. e6 Bxe6 35. Bd4 Bf7 36. Rb6+ Kf5 37. Bxg7 Be8 38. Rf6+ Ke4 39. Kf2 Rc8 40. Rf4+ Kd3 41. Rd4+ Kc2 42. g4 Kb3 43. g5 Bxa4 44. Rd6 Bb5 45. Rh6 Kc4 46. h4 Rc7 47. Bd4 a4 48. h5 Be8 49. g6 hxg6 50. hxg6 a3 51. g7 Bf7 52. Rh8 a2 53. g8Q Bxg8 54. Rxg8 1-0

[Event "SVK-ch Seniors 50"]
[Site "Tatranske Matliare"]
[Date "2017.06.03"]
[Round "9"]
[White "Siebenburger, Vlastimil"]
[Black "Kopnicky, Frantisek"]
[Result "1-0"]
[WhiteElo "2063"]
[BlackElo "1844"]
[PlyCount "95"]
[EventDate "2017.05.27"]
[EventType "swiss"]
[EventRounds "9"]
[EventCountry "SVK"]
[SourceTitle "EXT 2023"]
[Source "ChessBase"]
[SourceDate "2022.10.05"]
[SourceVersion "1"]
[SourceVersionDate "2022.10.05"]
[SourceQuality "1"]

1. d4 Nf6 2. c4 e5 3. dxe5 Ng4 4. Bf4 g5 5. Bg3 Nc6 6. Nf3 Bg7 7. Nc3 Ngxe5 8. e3 d6 9. h4 g4 10. Nd4 Nxd4 11. exd4 Nc6 12. d5 Qe7+ 13. Qe2 Qxe2+ 14. Bxe2 Nd4 15. Bd3 Bf5 16. 0-0-0 0-0-0 17. Bf4 Rde8 18. Kd2 Bxd3 19. Kxd3 Nf5 20. g3 Nd4 21. Rde1 f5 22. b4 Nf3 23. Re3 Bd4 24. Rxe8+ Rxe8 25. Be3 Bf6 26. Ne2 Re4 27. c5 Ne5+ 28. Kd2 Rxb4 29. cxd6 Nc4+ 30. Kd3 Nxd6 31. Nf4 Ra4 32. Rc1 Ra3+ 33. Ke2 Rxa2+ 34. Kf1 Ra1 35. Ne6 Rxc1+ 36. Bxc1 Be7 37. h5 a5 38. Ke2 b5 39. Kd3 Ne4 40. Nd4 Nd6 41. Nc6 Kd7 42. Nxa5 Ne4 43. Be3 Nf6 44. Kd4 Nxh5 45. Ke5 Nf6 46. Nc6 h5 47. Nxe7 Kxe7 48. Bg5 1-0

[Event "SVK-ch Seniors 50"]
[Site "Tatranske Matliare"]
[Date "2017.06.02"]
[Round "8"]
[White "Nicolini, Alexander"]
[Black "Siebenburger, Vlastimil"]
[Result "1-0"]
[WhiteElo "2152"]
[BlackElo "2063"]
[PlyCount "89"]
[EventDate "2017.05.27"]
[EventType "swiss"]
[EventRounds "9"]
[EventCountry "SVK"]
[SourceTitle "EXT 2023"]
[Source "ChessBase"]
[SourceDate "2022.10.05"]
[SourceVersion "1"]
[SourceVersionDate "2022.10.05"]
[SourceQuality "1"]

1. e4 c5 2. Nc3 Nc6 3. f4 g6 4. Nf3 Bg7 5. g3 d6 6. Bg2 e6 7. 0-0 Nge7 8. d3 0-0 9. h3 a6 10. Ne2 f5 11. c3 h6 12. Kh1 e5 13. Be3 c4 14. exf5 cxd3 15. Qxd3 Bxf5 16. Qd2 Qd7 17. Kh2 Kh7 18. Rad1 e4 19. Nfd4 d5 20. Rc1 b5 21. Nb3 a5 22. g4 Be6 23. Nc5 Qc8 24. Nd4 Bxd4 25. Bxd4 Bg8 26. Be3 a4 27. b3 axb3 28. axb3 Rb8 29. b4 Ra8 30. Kg1 Qc7 31. Ra1 Rad8 32. Nb3 Qd7 33. Rad1 Qc8 34. Qe1 Qe6 35. Ra1 Qf6 36. Nd4 Nxd4 37. Bxd4 Qe6 38. Ra7 Ra8 39. f5 Qd6 40. fxg6+ Kxg6 41. Rxa8 Rxa8 42. Bxe4+ dxe4 43. Qxe4+ Kg5 44. Be3+ Kh4 45. Bf2+ 1-0

[Event "SVK-ch Seniors 50"]
[Site "Tatranske Matliare"]
[Date "2017.05.31"]
[Round "6"]
[White "Jambrich, Miroslav"]
[Black "Siebenburger, Vlastimil"]
[Result "0-1"]
[WhiteElo "1837"]
[BlackElo "2063"]
[PlyCount "60"]
[EventDate "2017.05.27"]
[EventType "swiss"]
[EventRounds "9"]
[EventCountry "SVK"]
[SourceTitle "EXT 2023"]
[Source "ChessBase"]
[SourceDate "2022.10.05"]
[SourceVersion "1"]
[SourceVersionDate "2022.10.05"]
[SourceQuality "1"]

1. e4 c5 2. Bc4 e6 3. Nc3 Nc6 4. f4 g6 5. Nf3 Bg7 6. 0-0 Nge7 7. d3 0-0 8. Bb3 d5 9. e5 a6 10. a4 Rb8 11. g4 f6 12. Qe1 b5 13. axb5 axb5 14. Qg3 Qc7 15. Re1 c4 16. dxc4 dxc4 17. Ba2 fxe5 18. Nxe5 Nxe5 19. fxe5 Bb7 20. Bf4 Nc6 21. Rad1 g5 22. Nxb5 Qb6+ 23. Be3 Qxb5 24. Bxg5 Nxe5 25. Bf4 Qc6 26. h4 Nf3+ 27. Kf2 Nxe1 28. Kxe1 Qe4+ 29. Be3 Bxb2 30. Ke2 Qf3+ 0-1

[Event "Wch Seniors 50 26th"]
[Site "Marianske Lazne"]
[Date "2016.11.21"]
[Round "3"]
[White "Privoznik, Lubos"]
[Black "Siebenburger, Vlastimil"]
[Result "1/2-1/2"]
[WhiteElo "1652"]
[BlackElo "2048"]
[PlyCount "33"]
[EventDate "2016.11.19"]
[EventType "swiss"]
[EventRounds "11"]
[EventCountry "CZE"]
[SourceTitle "CBM 175 Extra"]
[Source "ChessBase"]
[SourceDate "2016.12.12"]
[SourceVersion "1"]
[SourceVersionDate "2016.12.12"]
[SourceQuality "1"]

1. e4 c5 2. Nc3 Nc6 3. Bb5 g6 4. Bxc6 dxc6 5. f4 Bg7 6. Nf3 Nf6 7. d3 0-0 8. 0-0 b6 9. h3 Qc7 10. Qe1 Ba6 11. Qh4 h6 12. g4 Nh7 13. Rf2 f6 14. Ne2 e5 15. f5 g5 16. Qg3 Rf7 17. h4 1/2-1/2

[Event "SVK-ch Seniors"]
[Site "Tatranske Matliare"]
[Date "2015.06.01"]
[Round "4"]
[White "Siebenburger, Vlastimil"]
[Black "Jambrich, Miroslav"]
[Result "1-0"]
[WhiteElo "2108"]
[BlackElo "1864"]
[PlyCount "73"]
[EventDate "2015.05.30"]
[EventType "swiss"]
[EventRounds "9"]
[EventCountry "SVK"]
[SourceTitle "EXT 2017"]
[Source "ChessBase"]
[SourceDate "2016.10.25"]
[SourceVersion "1"]
[SourceVersionDate "2016.10.25"]
[SourceQuality "1"]

1. e4 e5 2. Nf3 Nc6 3. Bc4 Bc5 4. b4 Bxb4 5. c3 Be7 6. d4 d6 7. Qb3 Na5 8. Bxf7+ Kf8 9. Qa4 Kxf7 10. Qxa5 Bg4 11. dxe5 Bxf3 12. e6+ Kf8 13. gxf3 Bf6 14. f4 b6 15. Qh5 g6 16. Qf3 Kg7 17. f5 Ne7 18. Qe3 d5 19. f3 d4 20. Qh6+ Kg8 21. Bg5 Nxf5 22. Bxf6 Nxh6 23. Bxd8 Rxd8 24. cxd4 Rxd4 25. Nc3 Rc4 26. Nd5 Kg7 27. Ke2 c6 28. Nc7 Kf6 29. Rhc1 Rxc1 30. Rxc1 c5 31. Rd1 Rc8 32. Rd7 Ng8 33. f4 Rxc7 34. Rxc7 Kxe6 35. Rxa7 Nf6 36. Kd3 h5 37. Rg7 1-0

[Event "CZE-ch op"]
[Site "Havlickuv Brod"]
[Date "2015.05.22"]
[Round "8"]
[White "Siebenburger, Vlastimil"]
[Black "Strebkovs, Andrejs"]
[Result "0-1"]
[WhiteElo "2108"]
[BlackElo "2326"]
[PlyCount "44"]
[EventDate "2015.05.16"]
[EventType "swiss"]
[EventRounds "9"]
[EventCountry "CZE"]
[SourceTitle "CBM 166 Extra"]
[Source "ChessBase"]
[SourceDate "2015.06.18"]
[SourceVersion "1"]
[SourceVersionDate "2015.06.18"]
[SourceQuality "1"]

1. e4 g6 2. d4 Bg7 3. Nc3 c6 4. Bc4 d6 5. f4 Nf6 6. e5 dxe5 7. fxe5 Nd5 8. Qf3 0-0 9. Bxd5 cxd5 10. Qxd5 Nc6 11. Nf3 Bf5 12. 0-0 Bxc2 13. Be3 Qb6 14. Qc4 Qxb2 15. Rac1 Bf5 16. Nd5 Be6 17. Ng5 Bxd5 18. Qxd5 Rad8 19. Qc4 e6 20. Rf2 Qa3 21. Rc3 Qb4 22. Ne4 Qb1+ 0-1